Library of the University of Algiers 3
Ibrahim Sultan Cheibout
شعار جامعة الجزائر 3
مكتبة جامعة الجزائر 3
إبراهيم سلطان شيبوط

بحوث التسويق : (رقم التسجيلة. 44930)

تفاصيل مارك
000 -LEADER
fixed length control field 01773nam a2200217Ia 4500
003 - CONTROL NUMBER IDENTIFIER
control field Ost
005 - DATE AND TIME OF LATEST TRANSACTION
control field 20260507075552.0
008 - FIXED-LENGTH DATA ELEMENTS--GENERAL INFORMATION
fixed length control field 260507s9999||||xx |||||||||||||| ||und||
020 ## - INTERNATIONAL STANDARD BOOK NUMBER
International Standard Book Number 9774100174
040 ## - CATALOGING SOURCE
Transcribing agency fsecg
041 ## - LANGUAGE CODE
Language code of text/sound track or separate title ara
082 ## - DEWEY DECIMAL CLASSIFICATION NUMBER
Classification number 658
100 ## - MAIN ENTRY--PERSONAL NAME
Personal name عبد السلام، رمضان محمود،
Relator term مؤلف
245 #0 - TITLE STATEMENT
Title بحوث التسويق :
Remainder of title المنهجية و التطبيق /
Statement of responsibility, etc. رمضان محمود عبد السلام
260 ## - PUBLICATION, DISTRIBUTION, ETC.
Place of publication, distribution, etc. المنصورة:
Name of publisher, distributor, etc. المكتبة العصرية للنشر و التوزيع,
Date of publication, distribution, etc. 2006
300 ## - PHYSICAL DESCRIPTION
Extent 495 صفحة؛
Other physical details إيضاحات ؛
Dimensions 24 سم
520 ## - SUMMARY, ETC.
Summary, etc. بحوث التسويق و المنهج العلمي فيه و القيمة الاقتصادية للبحوث التسويقية و نظم المعلومات التسويقية و التنبؤ بالطلب و مجالات بحوث التسويق و تنظيم جهاز بحوث التسويق في المنظمة كما تم الطرق الى تحديد مشكلة البحث و صياغة الفروض و كذا نوع البحث التسويقي و نوع و مصادر البيانات و أساليب الحصول عليها و تحديد مجتمع و عينة البحث و تصميم البحوث التجريبية و تصميم قائمة الاستقصاء و أنواع المقاييس و قياس الاتجاهات و صدق و ثبات المقاييس و جمع البيانات و تفريغها و تبويبها و تحليل البيانات و اختبارات الفروض و الأساليب الاخصائية في البحوث التسويقية و أخيرا إعداد التقرير النهائي للبحث التسويقي.
653 ## - INDEX TERM--UNCONTROLLED
Uncontrolled term التسويق
653 ## - INDEX TERM--UNCONTROLLED
Uncontrolled term التسويق - بحوث
942 ## - ADDED ENTRY ELEMENTS (KOHA)
Koha item type كتب
المقتنيات
Withdrawn status Lost status Source of classification or shelving scheme Damaged status Not for loan Home library Current library Date acquired Serial enumeration / chronology Inventory number Total checkouts Full call number Barcode Date last seen Price effective from Koha item type
    Dewey Decimal Classification   Available مكتبة كلية العلوم الإقتصادية والعلوم التجارية وعلوم التسيير مكتبة كلية العلوم الإقتصادية والعلوم التجارية وعلوم التسيير 07/05/2026 الطابق الثاني 2075/9   أ/2075ن9 2075/9 07/05/2026 07/05/2026 كتب

موارد الويب المفتوحة


© University of Algiers 3 All Rights Reserved
|
Implemented by LECHELAH Riad